000 00445nam a22001697a 4500
003 OSt
005 20211022172920.0
008 211022b |||||||| |||| 00| 0 eng d
020 _a0 85199 335 4
040 _cHawassa University
050 _a635.6437/BOS
_b2
082 _a635.6437/BOS
_b2
100 _aBosland,W.P.
_915179
245 _aPeppers:Vegetable and Spice Capsicums
260 _aUSA
_bCABI Publishing
_c2000
942 _2ddc
_cBOOKS
_n0
999 _c14525
_d14525